[Event "NED Team Cup 2018"]
[Site "Apeldoorn"]
[Date "2018.05.10"]
[Round "1"]
[White "Monsma, Menno"]
[Black "Delft, Merijn van"]
[Result "0-1"]
[WhiteElo "2037"]
[BlackElo "2396"]
[Annotator "NA"]
[PlyCount "100"]
[EventDate "2018.??.??"]
[EventCountry "NED"]
[SourceTitle "playchess.com"]
[Source "ChessBase"]
[SourceQuality "1"]
[TimeControl "6600+5"]

1. c4 {[%emt 0:00:02]} c6 {[%emt 0:00:06]} 2. e4 {[%emt 0:00:32]} d5 {[%emt 0:00:05]} 3. exd5 {[%emt 0:00:25]} cxd5 {[%emt 0:00:06]} 4. d4 {[%emt 0:00:10]} Nf6 {[%emt 0:00:15]} 5. Nc3 {[%emt 0:00:15]} Nc6 {[%emt 0:00:21]} 6. Bg5 {[%emt 0:07:17]} Ne4 {[%emt 0:01:10]} 7. cxd5 {[%emt 0:14:46] B13: Caro-Kann: Exchange Variation and Panov-Botvinnik Attack} Nxc3 {[%emt 0:01:14]} 8. bxc3 {[%emt 0:00:17]} Qxd5 {[%emt 0:00:21]} 9. Nf3 {[%emt 0:05:32]} Bg4 {[%emt 0:04:39]} 10. Be3 {[%emt 0:07:19] LiveBook: 4 Games} e6 {[%emt 0:05:27]} 11. Be2 {[%emt 0:02:06]} Bd6 $146 {[%emt 0:01:34]} ({Predecessor:} 11... Be7 12. O-O O-O 13. h3 Bxf3 14. Bxf3 Qd7 {1-0 (35) Lagno,K (2523)-Muzychuk,A (2534) Reykjavik 2015}) 12. h3 {[%emt 0:05:24]} Bh5 {[%emt 0:01:08]} 13. O-O {[%emt 0:00:26]} O-O {[%emt 0:00:52]} 14. Rb1 {[%emt 0:11:16]} Qxa2 {[%emt 0:06:37]} 15. Rxb7 {[%emt 0:02:37]} Rab8 {[%emt 0:02:03]} 16. Rxb8 {[%emt 0:14:58]} Rxb8 {[%emt 0:00:30]} 17. Bd3 {[%emt 0:03:01]} Bg6 {[%emt 0:04:13]} 18. Bxg6 {[%emt 0:04:26]} hxg6 {[%emt 0:00:57]} 19. Ng5 {[%emt 0:00:37]} f6 {[%emt 0:07:34]} 20. Ne4 {[%emt 0:03:09]} Be7 {[%emt 0:02:56]} 21. Nd2 {[%emt 0:00:23]} a5 {[%emt 0:06:37]} 22. c4 {[%emt 0:01:42]} (22. Qe2 $11) 22... Rd8 {[%emt 0:04:59]} 23. Qa1 $1 {[%emt 0:04:16]} Qxa1 {[%emt 0:13:15]} 24. Rxa1 {[%emt 0:00:02]} Nxd4 {[%emt 0:00:19]} 25. Rxa5 {[%emt 0:01:45]} Nf5 {[%emt 0:01:41]} 26. Nf1 {[%emt 0:02:48]} Rd1 {[%emt 0:05:08]} 27. Ba7 $17 {[%emt 0:02:07]} Rc1 {[%emt 0:04:49]} 28. Ra4 {[%emt 0:01:02]} Kf7 {[%emt 0:02:21]} 29. Be3 {[%emt 0:03:19]} Nxe3 {[%emt 0:04:50]} 30. fxe3 {[%emt 0:00:03]} Rc2 {[%emt 0:00:25]} 31. Ra1 {[%emt 0:02:16]} f5 {[%emt 0:02:12]} 32. Rd1 {[%emt 0:00:19]} Bc5 {[%emt 0:02:28]} 33. Kh2 {[%emt 0:00:12]} Rxc4 {[%emt 0:03:35]} 34. Kg3 {[%emt 0:00:26]} g5 {[%emt 0:00:54]} 35. Kf3 {[%emt 0:01:30]} Kf6 {[%emt 0:00:50]} 36. Rd3 {[%emt 0:00:36]} e5 {[%emt 0:01:32]} 37. Rd2 {[%emt 0:00:17]} e4+ {[%emt 0:05:20]} 38. Ke2 {[%emt 0:00:34]} f4 {[%emt 0:00:16]} 39. Ra2 {[%emt 0:00:18]} Rc3 {[%emt 0:01:13]} 40. exf4 {[%emt 0:01:26]} gxf4 {[%emt 0:00:31]} 41. Nd2 {[%emt 0:01:21]} Re3+ {[%emt 0:02:59]} 42. Kf1 {[%emt 0:00:11]} Bb4 {[%emt 0:00:53]} 43. Rb2 {[%emt 0:00:23]} Bc3 {[%emt 0:00:51]} 44. Rc2 {[%emt 0:00:23]} Kf5 {[%emt 0:00:34]} 45. Ra2 {[%emt 0:00:09]} g5 {[%emt 0:00:29]} 46. Rc2 {[%emt 0:00:09]} Rd3 {[%emt 0:00:21]} 47. Nb1 {[%emt 0:00:29]} Rd1+ {[%emt 0:01:05]} 48. Ke2 {[%emt 0:00:01]} Re1+ {[%emt 0:00:04]} 49. Kf2 {[%emt 0:00:03]} e3+ {[%emt 0:00:12]} 50. Kf3 {[%emt 0:00:02]} Bb4 {[%emt 0:00:17]} 0-1

[Event "NED Team Cup 2018"]
[Site "Apeldoorn"]
[Date "2018.05.10"]
[Round "2"]
[White "Kuipers, Stefan"]
[Black "Hausrath, Daniel"]
[Result "1/2-1/2"]
[WhiteElo "2480"]
[BlackElo "2494"]
[Annotator "TA"]
[PlyCount "37"]
[EventDate "2018.??.??"]
[EventCountry "NED"]
[SourceTitle "playchess.com"]
[Source "ChessBase"]
[SourceQuality "1"]

{[%evp 15,37,0,6,0,27,29,24,24,29,26,22,18,32,29,32,21,36,16,19,24,22,0,34,20]} 1. e4 c6 2. d4 d5 3. exd5 cxd5 4. Bd3 Nc6 5. c3 Qc7 6. h3 Nf6 7. Nf3 g6 8. O-O {B13: Caro-Kann: Exchange Variation and Panov-Botvinnik Attack} (8. Na3 a6 9. Qe2 Bf5 10. Bxf5 gxf5 11. Nc2 e6 12. Ne3 Ne4 13. Nd2 h5 14. O-O Bd6 15. Nxd5 exd5 {1-0 (35) Fedoseev,V (2731)-Bacallao Alonso,Y (2573) Tbilisi 2017}) 8... Bf5 {LiveBook: 44 Games} 9. Ne5 Bxd3 10. Nxd3 {White has an edge.} Bg7 11. Bf4 Qc8 12. Nd2 O-O 13. Re1 Qf5 $146 ({Predecessor:} 13... a6 14. a4 b5 15. axb5 axb5 16. Rxa8 Qxa8 {½-½ (66) De Seroux,C (2101)-Machlik,E (2056) Baku 2016}) 14. Qe2 Rfe8 15. Bh2 Rad8 16. Ne5 Qc8 17. Rad1 Nd7 18. Nd3 ({Much weaker is} 18. Nxf7 Kxf7 19. Qe6+ Kf8 $17) 18... Nb6 19. Nf3 {Precision: White = 28%, Black = 54%.} 1/2-1/2

[Event "NED Team Cup 2018"]
[Site "Apeldoorn"]
[Date "2018.05.10"]
[Round "2"]
[White "Pijpers, Arthur"]
[Black "Stotyn, Fabian"]
[Result "1-0"]
[WhiteElo "2475"]
[BlackElo "2187"]
[Annotator "TA"]
[PlyCount "47"]
[EventDate "2018.??.??"]
[EventCountry "NED"]
[SourceTitle "playchess.com"]
[Source "ChessBase"]
[SourceQuality "1"]

{[%evp 20,47,4,3,4,3,25,22,57,43,52,11,104,89,151,158,306,327,534,524,530,527,506,491,1208,1187,29980,29981,29981,29982]} 1. e4 e6 2. d4 d5 3. Nc3 Nf6 4. e5 Nfd7 5. f4 c5 6. Nf3 Nc6 7. Be3 a6 8. Qd2 Be7 9. Bd3 {C11: French: Classical System: 4 e5 and 4 Bg5 dxe4} (9. a3 b5 10. Bd3 Bb7 11. O-O O-O 12. Kh1 f5 13. Qf2 Rc8 14. Rg1 b4 15. axb4 Nxb4 16. g4 g6 17. gxf5 Nxd3 18. cxd3 Rxf5 {0-1 (40) Kasparov,G (2812)-Caruana,F (2807) Saint Louis 2017}) 9... b5 10. O-O b4 11. Nd1 {LiveBook: 4 Games. The position is equal.} a5 12. c4 $146 ({Predecessor:} 12. f5 cxd4 13. fxe6 fxe6 14. Nxd4 Ndxe5 15. Bb5 Bd7 16. Qe2 Bf6 17. Bxc6 Nxc6 18. Nxc6 Bxc6 {0-1 (56) Fowler,S (2256)-Moser,E (2383) Liverpool 2008}) 12... bxc3 13. Nxc3 Ba6 14. Bxa6 Rxa6 15. f5 {[#] Threatens to win with fxe6.} cxd4 (15... O-O $1 $11) 16. Nxd4 $16 Ncxe5 (16... Nxd4 $142 17. Bxd4 Rc6) 17. fxe6 Nf6 (17... fxe6 $16 18. Qe2 Nc5) 18. Qe2 $18 Ra8 $2 {[#]} (18... Nc4 19. Bf2 fxe6 20. Nxe6 Rxe6 21. Qxe6 Qd7) 19. exf7+ Kxf7 20. Qh5+ Ng6 21. Nxd5 Qd6 (21... Kg8 $142 22. Nxe7+ Qxe7) 22. Nxe7 Rhe8 23. Rxf6+ Qxf6 24. Qd5+ 1-0

[Event "NED Team Cup 2018"]
[Site "Apeldoorn"]
[Date "2018.05.10"]
[Round "2"]
[White "Beerdsen, Thomas"]
[Black "Wantola, Ivo"]
[Result "1/2-1/2"]
[WhiteElo "2441"]
[BlackElo "2319"]
[Annotator "TA"]
[PlyCount "45"]
[EventDate "2018.??.??"]
[EventCountry "NED"]
[SourceTitle "playchess.com"]
[Source "ChessBase"]
[SourceQuality "1"]

{[%evp 33,39,60,66,45,52,57,45,45]} 1. e4 c5 2. Nf3 g6 3. c4 Nc6 4. d4 cxd4 5. Nxd4 Nf6 6. Nc3 Nxd4 7. Qxd4 d6 8. Bg5 Bg7 9. Be2 O-O 10. Qd2 Be6 11. O-O Qa5 12. Rac1 Rfc8 13. b3 a6 14. f4 {[%cal Bf2f4,Bf4f5][%mdl 32]} b5 {[%cal Bb7b5,Bb5b4,Bb4c3][%mdl 32]} 15. f5 b4 {B36: Sicilian: Maroczy Bind: Gurgenidze System} 16. fxe6 bxc3 17. exf7+ Kf8 {LiveBook: 7 Games. White is slightly better.} 18. Qf4 {[%cal Rg5f6]} Kxf7 19. e5 dxe5 20. Qe3 {Predecessor:} Kg8 $146 21. Bf3 e4 22. Bxf6 Bxf6 23. Bxe4 {1-0 (55) Li,R (2426)-Vasquez,S (2073) Brownsville 2015} 1/2-1/2

[Event "NED Team Cup 2018"]
[Site "Apeldoorn"]
[Date "2018.05.10"]
[Round "2"]
[White "Van der Werf, Mark"]
[Black "Monsma, Menno"]
[Result "1/2-1/2"]
[WhiteElo "2404"]
[BlackElo "2037"]
[Annotator "TA"]
[PlyCount "78"]
[EventDate "2018.??.??"]
[EventCountry "NED"]
[SourceTitle "playchess.com"]
[Source "ChessBase"]
[SourceQuality "1"]

{[%evp 19,78,0,0,0,11,11,11,11,11,12,12,13,14,10,51,56,73,74,75,52,58,59,61,16,0,0,0,0,0,0,0,0,0,-13,-13,0,-13,-13,0,-8,0,-13,-18,-77,-83,-77,-52,-45,-23,-23,0,0,0,0,0,0,0,-22,-22,-22,-22]} 1. d4 Nf6 {[%cal Bg8f6,Bf6e4,Be4d2][%mdl 32]} 2. c4 e6 3. Nc3 Bb4 4. e3 b6 5. Nge2 Ne4 6. Bd2 Nxd2 7. Qxd2 d5 {E44: Nimzo-Indian: Rubinstein: 4...b6 5 Ne2} (7... Nc6 8. a3 Be7 9. Nf4 Bg5 10. b4 Bb7 11. d5 Ne5 12. Rc1 O-O 13. Be2 a5 14. O-O axb4 15. axb4 Bxf4 16. exf4 {½-½ (43) Nakamura,H (2715)-Short,N (2707) London 2009}) 8. cxd5 exd5 9. a3 Be7 10. Nf4 c6 {LiveBook: 3 Games} 11. Bd3 Bb7 12. O-O O-O 13. b4 a6 $146 ({Predecessor:} 13... Nd7 14. b5 Nf6 15. bxc6 Bxc6 {1-0 (37) Cruz,J (2300)-Lecuyer,C (2270) France 1995}) 14. Rab1 Nd7 15. a4 {[%cal Ba3a4,Ba4a5][%mdl 32]} Bd6 16. a5 Bxf4 17. exf4 b5 18. Ne2 Nf6 19. Ng3 Ne8 20. Rbe1 Nd6 21. f5 Qh4 22. f4 Rae8 23. Re5 Qd8 24. Rfe1 f6 25. Rxe8 Rxe8 26. Qc3 Rxe1+ 27. Qxe1 Bc8 28. Kf2 Kf8 29. Qc3 Nc4 (29... Qc7 {is more complex.} 30. Kf3 Kf7 31. h3 Bd7 32. Qc5 h6) 30. Ne2 Qe8 31. Bxc4 (31. Bc2 $11 {remains equal.}) 31... bxc4 32. g4 h5 33. h3 hxg4 34. hxg4 Qe4 35. Qh3 {The position is equal.} Kg8 36. Qe3 Qxe3+ 37. Kxe3 g6 38. Ng3 gxf5 39. gxf5 Kg7 {Precision: White = 60%, Black = 59%.} 1/2-1/2

[Event "NED Team Cup 2018"]
[Site "Apeldoorn"]
[Date "2018.05.10"]
[Round "2"]
[White "Werf, Mark van der"]
[Black "Monsma, Menno"]
[Result "1/2-1/2"]
[WhiteElo "2404"]
[BlackElo "2037"]
[Annotator "RC"]
[PlyCount "78"]
[EventDate "2018.??.??"]
[EventCountry "NED"]
[SourceTitle "playchess.com"]
[Source "ChessBase"]
[SourceQuality "1"]
[TimeControl "6600+5"]

1. d4 {[%emt 0:00:00]} Nf6 {[%emt 0:00:10]} 2. c4 {[%emt 0:00:04]} e6 {[%emt 0:00:14]} 3. Nc3 {[%emt 0:00:03]} Bb4 {[%emt 0:00:12]} 4. e3 {[%emt 0:00:04]} b6 {[%emt 0:00:32]} 5. Nge2 {[%emt 0:00:06]} Ne4 {[%emt 0:01:06]} 6. Bd2 {[%emt 0:00:08]} Nxd2 {[%emt 0:02:09]} 7. Qxd2 {[%emt 0:00:07]} d5 {[%emt 0:04:47]} 8. cxd5 {[%emt 0:01:58]} exd5 {[%emt 0:00:11]} 9. a3 {[%emt 0:00:08]} Be7 {[%emt 0:00:16]} 10. Nf4 {[%emt 0:00:42]} c6 {[%emt 0:00:38]} 11. Bd3 {[%emt 0:04:00]} Bb7 {[%emt 0:11:37]} 12. O-O {[%emt 0:00:18]} O-O {[%emt 0:02:56]} 13. b4 {[%emt 0:00:27]} a6 {[%emt 0:00:39]} 14. Rab1 {[%emt 0:04:16]} Nd7 {[%emt 0:04:36]} 15. a4 {[%emt 0:00:18]} Bd6 {[%emt 0:21:31]} 16. a5 {[%emt 0:10:01]} Bxf4 {[%emt 0:01:17]} 17. exf4 {[%emt 0:00:11]} b5 {[%emt 0:00:37]} 18. Ne2 {[%emt 0:07:24]} Nf6 {[%emt 0:00:43]} 19. Ng3 {[%emt 0:01:32]} Ne8 {[%emt 0:03:43]} 20. Rbe1 {[%emt 0:05:45]} Nd6 {[%emt 0:00:42]} 21. f5 {[%emt 0:02:33]} Qh4 {[%emt 0:02:37]} 22. f4 {[%emt 0:00:25]} Rae8 {[%emt 0:00:56]} 23. Re5 {[%emt 0:02:32]} Qd8 {[%emt 0:00:38]} 24. Rfe1 {[%emt 0:11:43]} f6 {[%emt 0:01:34]} 25. Rxe8 {[%emt 0:03:19]} Rxe8 {[%emt 0:00:12]} 26. Qc3 {[%emt 0:03:05]} Rxe1+ {[%emt 0:04:01]} 27. Qxe1 {[%emt 0:00:05]} Bc8 {[%emt 0:00:27]} 28. Kf2 {[%emt 0:02:03]} Kf8 {[%emt 0:02:55]} 29. Qc3 {[%emt 0:02:31]} Nc4 {[%emt 0:01:43]} 30. Ne2 {[%emt 0:02:21]} Qe8 {[%emt 0:03:26]} 31. Bxc4 {[%emt 0:03:14]} bxc4 {[%emt 0:02:54]} 32. g4 {[%emt 0:00:39]} h5 {[%emt 0:02:45]} 33. h3 {[%emt 0:01:16]} hxg4 {[%emt 0:00:55]} 34. hxg4 {[%emt 0:00:07]} Qe4 {[%emt 0:02:53]} 35. Qh3 {[%emt 0:02:59]} Kg8 {[%emt 0:00:15]} 36. Qe3 {[%emt 0:00:33]} Qxe3+ {[%emt 0:01:12]} 37. Kxe3 {[%emt 0:00:06]} g6 {[%emt 0:02:41]} 38. Ng3 {[%emt 0:01:26]} gxf5 {[%emt 0:00:09]} 39. gxf5 {[%emt 0:00:05]} Kg7 {[%emt 0:00:25]} 1/2-1/2

[Event "NED Team Cup 2018"]
[Site "Apeldoorn"]
[Date "2018.05.10"]
[Round "2"]
[White "Braun, Christian"]
[Black "Delft, Merijn van"]
[Result "1/2-1/2"]
[WhiteElo "2385"]
[BlackElo "2396"]
[Annotator "NA"]
[PlyCount "37"]
[EventDate "2018.??.??"]
[EventCountry "NED"]
[SourceTitle "playchess.com"]
[Source "ChessBase"]
[SourceQuality "1"]
[TimeControl "6600+5"]

1. e4 {[%emt 0:00:27]} c5 {[%emt 0:00:05]} 2. Nf3 {[%emt 0:00:13]} d6 {[%emt 0:00:07]} 3. Nc3 {[%emt 0:00:18]} Nf6 {[%emt 0:00:22]} 4. e5 {[%emt 0:00:05]} dxe5 {[%emt 0:00:22]} 5. Nxe5 {[%emt 0:00:08]} a6 {[%emt 0:00:18]} 6. a4 {[%emt 0:01:47] LiveBook: 62 Games} Qc7 {[%emt 0:01:47]} 7. Qe2 {[%emt 0:01:52]} Nc6 {[%emt 0:08:08]} 8. Nxc6 {[%emt 0:00:58]} Qxc6 {[%emt 0:00:14]} 9. d3 {[%emt 0:00:29]} b6 {[%emt 0:11:07]} 10. Ne4 {[%emt 0:03:24]} Nxe4 {[%emt 0:10:45]} 11. Qxe4 {[%emt 0:00:40]} Bb7 {[%emt 0:00:23]} 12. Qxc6+ {[%emt 0:00:33]} Bxc6 $11 {[%emt 0:00:10]} 13. b3 {[%emt 0:01:20]} e5 {[%emt 0:03:04]} 14. Bb2 {[%emt 0:00:19]} f6 {[%emt 0:01:46]} 15. h4 {[%emt 0:00:26]} h5 {[%emt 0:02:52]} 16. O-O-O {[%emt 0:04:45]} Kf7 {[%emt 0:05:53]} 17. Rg1 {[%emt 0:00:54]} g6 {[%emt 0:06:36]} 18. Kb1 {[%emt 0:01:21]} Bh6 {[%emt 0:03:42]} 19. Bc1 {[%emt 0:00:27]} 1/2-1/2

[Event "NED Team Cup 2018"]
[Site "Apeldoorn"]
[Date "2018.05.10"]
[Round "2"]
[White "Meegen, Ruud van"]
[Black "Zwirs, Nico"]
[Result "0-1"]
[WhiteElo "2241"]
[BlackElo "2379"]
[Annotator "NA"]
[PlyCount "148"]
[EventDate "2018.??.??"]
[EventCountry "NED"]
[SourceTitle "playchess.com"]
[Source "ChessBase"]
[SourceQuality "1"]
[TimeControl "6600+5"]

1. d4 {[%emt 0:00:03]} d6 {[%emt 0:01:04]} 2. c4 {[%emt 0:00:21]} e5 {[%emt 0:00:08]} 3. d5 {[%emt 0:00:31]} Be7 {[%emt 0:00:47]} 4. Nc3 {[%emt 0:00:42]} Bg5 {[%emt 0:00:27]} 5. e4 {[%emt 0:00:52] LiveBook: 4 Games} a5 {[%emt 0:02:01]} 6. a3 {[%emt 0:08:02]} Bd7 {[%emt 0:04:14]} 7. b3 {[%emt 0:00:52]} (7. Bxg5 $14 Qxg5 8. c5) 7... Bxc1 {[%emt 0:05:51]} 8. Rxc1 {[%emt 0:00:08]} Na6 {[%emt 0:00:05]} 9. Bd3 {[%emt 0:06:29]} Qg5 {[%emt 0:06:23]} 10. g3 {[%emt 0:06:01]} Ne7 {[%emt 0:06:02]} 11. Nf3 {[%emt 0:04:53]} Qh6 {[%emt 0:03:58]} 12. Qd2 {[%emt 0:01:06]} Qh5 {[%emt 0:05:42]} 13. Be2 {[%emt 0:01:03]} Bg4 {[%emt 0:04:37]} 14. Qg5 {[%emt 0:07:34]} Qxg5 {[%emt 0:16:27]} 15. Nxg5 {[%emt 0:00:08]} Bd7 {[%emt 0:01:36]} 16. O-O {[%emt 0:05:37]} Nc5 {[%emt 0:03:16]} 17. Rb1 {[%emt 0:08:43]} h6 {[%emt 0:13:08]} 18. Nf3 {[%emt 0:00:23]} f5 {[%emt 0:00:05]} 19. Nd2 {[%emt 0:00:41]} Nxe4 {[%emt 0:04:07]} 20. Ndxe4 {[%emt 0:00:34]} fxe4 {[%emt 0:00:04]} 21. Nxe4 {[%emt 0:01:09]} Bf5 {[%emt 0:00:34]} 22. Bd3 {[%emt 0:05:53]} O-O {[%emt 0:03:23]} 23. Kg2 {[%emt 0:01:01]} b6 {[%emt 0:01:19]} 24. Rbd1 {[%emt 0:00:48]} Bxe4+ {[%emt 0:07:54]} 25. Bxe4 {[%emt 0:00:06]} Nf5 {[%emt 0:00:09]} 26. Bxf5 {[%emt 0:01:58]} Rxf5 {[%emt 0:00:01]} 27. Rd3 {[%emt 0:00:50]} Raf8 {[%emt 0:00:49]} 28. Re3 {[%emt 0:00:24]} g5 {[%emt 0:00:18]} 29. h3 {[%emt 0:06:01]} Kg7 {[%emt 0:00:04]} 30. f3 {[%emt 0:01:51]} h5 {[%emt 0:00:17]} 31. Re4 {[%emt 0:06:13]} Kg6 {[%emt 0:00:48]} 32. Rf2 {[%emt 0:00:34]} R5f7 {[%emt 0:02:28]} 33. Rf1 {[%emt 0:01:40]} Kf5 {[%emt 0:02:43]} 34. Kf2 {[%emt 0:05:12]} Kf6 {[%emt 0:01:54]} 35. Rc1 {[%emt 0:01:59]} Ke7 {[%emt 0:01:03]} 36. Rc3 {[%emt 0:00:08]} Rh8 {[%emt 0:02:02]} 37. Ke2 {[%emt 0:02:13]} h4 {[%emt 0:00:19]} 38. g4 {[%emt 0:00:08]} Kd7 {[%emt 0:00:15]} 39. Rd3 {[%emt 0:02:01]} Rhf8 {[%emt 0:00:08]} 40. Rc3 {[%emt 0:00:36]} c6 {[%emt 0:01:33]} 41. Ree3 {[%emt 0:00:56]} Rf4 {[%emt 0:00:26]} 42. Re4 {[%emt 0:00:06]} Kc7 {[%emt 0:02:02]} (42... cxd5 $17 43. cxd5 b5) 43. Rd3 {[%emt 0:00:21]} Rxe4+ {[%emt 0:00:22]} 44. fxe4 {[%emt 0:00:06]} Rf4 {[%emt 0:00:01]} 45. Re3 {[%emt 0:00:24]} Kb7 {[%emt 0:00:57]} 46. Ke1 {[%emt 0:02:28]} b5 {[%emt 0:00:30]} 47. Kd2 {[%emt 0:08:11]} Kb6 {[%emt 0:00:15]} 48. Kc3 {[%emt 0:02:26]} bxc4 {[%emt 0:00:00]} 49. Kxc4 {[%emt 0:00:04]} Rf1 {[%emt 0:00:01]} 50. Rc3 {[%emt 0:00:39]} Rd1 {[%emt 0:00:14]} 51. Rd3 {[%emt 0:01:44]} Rc1+ {[%emt 0:00:01]} 52. Rc3 {[%emt 0:00:02]} Rd1 {[%emt 0:00:01]} 53. Rd3 {[%emt 0:00:01] [#]} Re1 $19 {[%emt 0:00:01]} 54. dxc6 {[%emt 0:00:39]} Kxc6 {[%emt 0:00:01]} 55. Rc3 {[%emt 0:00:12]} Rxe4+ {[%emt 0:00:26]} 56. Kd3+ {[%emt 0:00:01]} Kd5 {[%emt 0:00:00]} 57. Rc8 {[%emt 0:00:03]} Rf4 {[%emt 0:00:05]} 58. Ra8 {[%emt 0:00:17]} Rf3+ {[%emt 0:00:01]} 59. Kc2 {[%emt 0:00:01]} Kd4 {[%emt 0:00:14]} 60. Rxa5 {[%emt 0:00:03]} Rf2+ {[%emt 0:00:01]} 61. Kb1 {[%emt 0:00:04]} e4 {[%emt 0:00:08]} 62. Rxg5 {[%emt 0:00:09]} e3 {[%emt 0:00:08]} 63. Kc1 {[%emt 0:00:20]} Ra2 {[%emt 0:00:37]} 64. Kd1 {[%emt 0:00:15]} Rxa3 {[%emt 0:00:03]} 65. Rg6 {[%emt 0:00:05]} d5 {[%emt 0:00:02]} 66. Rd6 {[%emt 0:00:13]} Rxb3 {[%emt 0:00:21]} 67. g5 {[%emt 0:00:01]} Rb1+ {[%emt 0:00:02]} 68. Ke2 {[%emt 0:00:02]} Rg1 {[%emt 0:00:01]} 69. g6 {[%emt 0:00:03]} Rg3 {[%emt 0:00:04]} 70. Re6 {[%emt 0:00:10]} Rg2+ {[%emt 0:00:12]} 71. Kf1 {[%emt 0:00:12]} Rg5 {[%emt 0:00:12]} 72. Ke2 {[%emt 0:00:04]} Rg3 73. g7 {[%emt 0:00:16]} Rxg7 {[%emt 0:00:02]} 74. Rxe3 {[%emt 0:00:01]} Rg2+ {[%emt 0:00:01]} 0-1

[Event "NED Team Cup 2018"]
[Site "Apeldoorn"]
[Date "2018.05.10"]
[Round "2"]
[White "Akkeren, Arno van"]
[Black "Jong, Jan-Willem de"]
[Result "0-1"]
[WhiteElo "2074"]
[BlackElo "2446"]
[Annotator "TA"]
[PlyCount "50"]
[EventDate "2018.??.??"]
[EventCountry "NED"]
[SourceTitle "playchess.com"]
[Source "ChessBase"]
[SourceQuality "1"]

{[%evp 12,50,9,8,21,28,67,56,75,78,89,91,95,96,101,73,64,68,68,30,18,-613,-619,-602,-598,-667,-653,-660,-637,-589,-572,-768,-762,-737,-731,-932,-884,-1490,-1437,-2079,-1520]} 1. e4 e5 2. Nf3 Nc6 3. Bc4 Nf6 4. Nc3 Nxe4 5. Nxe4 d5 6. Bd3 dxe4 7. Bxe4 {LiveBook: 76 Games} Qf6 {C55: Two Knights: 4 d3, 4 d4 exd4 5 e5 and Max Lange Attack} (7... Bd6 8. O-O O-O 9. Re1 Re8 10. d3 Bg4 11. h3 Bh5 12. c3 Bg6 13. Be3 Qd7 14. Nh4 f5 15. Bxc6 Qxc6 16. Nxg6 hxg6 {½-½ (57) Ivanchuk,V (2739)-Karjakin,S (2723) Moscow 2009}) 8. O-O Bf5 $146 ({Predecessor:} 8... Bg4 9. c3 Rd8 10. Qb3 Bc8 11. d4 h6 12. dxe5 Qe6 13. Be3 Qxb3 14. axb3 a6 15. Rfe1 {1-0 (25) Poletaev,V (2234)-Efimov,A (1898) ICCF email 2011}) 9. Bxc6+ Qxc6 {White is slightly better.} 10. Nxe5 Qxc2 11. Qe2 {[#] Threatens to win with Qb5+.} Be7 12. Qb5+ Kf8 13. Qd5 {[%csl Ge5][%cal Rd5f7]} Be6 {[%cal Bf5e6,Be6d5,Bd5a8][%mdl 32]} 14. Qxb7 Rd8 15. d4 Bd5 16. Qxa7 $2 {[%mdl 8192]} (16. Qb5 $11) 16... Ra8 $19 {Black is clearly winning.} 17. Qxa8+ Bxa8 18. Re1 f6 19. Ng4 Kf7 20. Ne3 Qe4 21. h3 Rd8 22. Bd2 Rxd4 23. Bc3 Rd3 24. Kf1 Bc5 {[%cal Rd3e3] [#] Strongly threatening ...Rxe3.} 25. f3 Qh4 {Precision: White = 39%, Black = 71%.} 0-1

[Event "NED Team Cup 2018"]
[Site "Apeldoorn"]
[Date "2018.05.10"]
[Round "2"]
[White "Bos, Jokim van den"]
[Black "Wessel, Rudy van"]
[Result "0-1"]
[WhiteElo "1936"]
[BlackElo "2402"]
[Annotator "ChessBase"]
[PlyCount "38"]
[EventDate "2018.??.??"]
[EventCountry "NED"]
[SourceTitle "playchess.com"]
[Source "ChessBase"]
[SourceQuality "1"]
[TimeControl "6600+5"]

1. e4 {[%emt 0:00:18]} c5 {[%emt 0:00:23]} 2. Nf3 {[%emt 0:00:42]} d6 {[%emt 0:01:49]} 3. Nc3 {[%emt 0:00:24]} a6 {[%emt 0:00:32]} 4. d4 {[%emt 0:00:09]} cxd4 {[%emt 0:00:06]} 5. Nxd4 {[%emt 0:00:05]} Nf6 {[%emt 0:00:08]} 6. Bg5 {[%emt 0:00:06]} Nbd7 {[%emt 0:00:08]} 7. f4 {[%emt 0:00:36]} h6 {[%emt 0:04:11]} 8. Bh4 {[%emt 0:00:37]} e5 {[%emt 0:01:20]} 9. fxe5 {[%emt 0:04:48]} dxe5 {[%emt 0:01:00]} 10. Nf5 {[%emt 0:00:20]} Qb6 {[%emt 0:06:03]} 11. Qd2 {[%emt 0:15:42]} Qxb2 {[%emt 0:09:54]} 12. Rb1 {[%emt 0:01:14]} Qa3 {[%emt 0:00:12]} 13. Rb3 {[%emt 0:04:48]} Qa5 {[%emt 0:08:39]} 14. Bxf6 {[%emt 0:15:36]} Nxf6 {[%emt 0:01:55]} 15. Nd6+ {[%emt 0:01:12]} Bxd6 {[%emt 0:03:25]} 16. Qxd6 {[%emt 0:00:11]} Nxe4 {[%emt 0:02:38]} 17. Bb5+ {[%emt 0:11:08]} axb5 {[%emt 0:00:57]} 18. Qxe5+ {[%emt 0:00:06]} Be6 {[%emt 0:00:04]} 19. Qxe4 {[%emt 0:01:04]} O-O {[%emt 0:00:42]} 0-1